Loading...
| History - American | 0 | 5 | 0 | 0 | 50 | 59 | 81.80 | 0 | 3 | 0.00 | 0.00 |
| History - World | 0 | 5 | 0 | 0 | 50 | 15 | 57.40 | 2 | 4 | 0.00 | 0.00 |
| History - Other | 0 | 4 | 0 | 0 | 40 | 45 | 67.25 | 0 | 3 | 0.00 | 0.00 |
| History - European | 0 | 4 | 1 | 0 | 35 | 34 | 59.75 | 0 | 1 | 0.00 | 0.00 |
| Geography | 0 | 3 | 0 | 0 | 30 | 61 | 67.33 | 2 | 3 | 0.00 | 0.00 |
| Mythology | 0 | 3 | 0 | 0 | 30 | 36 | 62.00 | 0 | 3 | 0.00 | 0.00 |
| Science - Biology | 0 | 3 | 0 | 0 | 30 | 50 | 60.67 | 1 | 2 | 0.00 | 0.00 |
| Current Events | 0 | 3 | 1 | 0 | 25 | 34 | 73.00 | 1 | 2 | 0.00 | 0.00 |
| Religion | 0 | 2 | 0 | 0 | 20 | 13 | 62.00 | 1 | 1 | 0.00 | 0.00 |
| Fine Arts - Other | 0 | 1 | 0 | 0 | 10 | 96 | 96.00 | 0 | 1 | 0.00 | 0.00 |
| Science - Other | 0 | 1 | 0 | 0 | 10 | 102 | 102.00 | 0 | 0 | 0.00 | 0.00 |